| 000 | 00880nas a2200265 4500 | ||
|---|---|---|---|
| 001 | BR7907275 | ||
| 003 | BR-BrBNA | ||
| 005 | 20231205084012.0 | ||
| 007 | ta | ||
| 008 | 230509b bl.|||p| |||| 00| 00por d | ||
| 040 |
_aBR-BrBNA _bpor _cBiblioteca Nacional de Agricultura |
||
| 041 | _a(Pt) | ||
| 072 | _aM40 | ||
| 100 | 1 | _aGodoy, M.P. | |
| 245 | 1 | _aMarcacao e migracao da piramutaba Brachypla tystoma vaillantii (Val., 1840)na Bacia Amazonica (Para e Amazonas), Brasil (Pisces, Nematognathi, Pimelodidae) | |
| 650 | _aPIRAMUTABA | ||
| 650 | _aECOLOGIA AQUATICA | ||
| 650 | _aMIGRACAO ANIMAL | ||
| 650 | _aBACIA AMAZONICA | ||
| 650 | _aPARA | ||
| 650 | _aAMAZONAS | ||
| 773 | 0 |
_tBoletim da Faculdade de Ciencias Agrarias do Para (Brazil) _xISSN 0100-2694 _g(Dec 1979), (no. 11) p. 1-21 _wBR7907275 |
|
| 909 |
_a202311 _bLúcia _c55 _dLúcia Elande |
||
| 942 |
_2AGRIS _n0 _cANA |
||
| 999 |
_c102522 _d102522 |
||